Dreamcatcher song by lyrics #5 - Statistics

General Stats
  • This quiz has been taken 37 times
  • The average score is 8 of 12
Answer Stats
Lyrics Songs % Correct
Please someone fight for us Maison
100%
Let's get move out
Yeah
Focus me, look at me, every time
The Curse of the Spider
79%
Don't cry, tomorrow will be bright We are young
79%
It's up to you to realize I'm waiting for you right behind Can't get you out of my mind
76%
gieokalkke When I fly jeogi haneureul neomeo Over the Sky (하늘을 넘어)
76%
Break up, break up my dream What
76%
gidaryeo jullae (neol chaja hemaeda) nan sarajin shigan teum sogeseo Find you (Find you) New Days (시간의 틈)
64%
I can get through everything Woh oh oh oh Sahara
64%
Never stop, never stop being yourself geu nuga mweoraedo meomchuji ma Some Love
64%
Don't make me cry dan han sungando Don't leave me alone nae soneul jabajwo Lullaby
55%
Nobody can stop me anymore hikitometa tte Baby no My Way ~この道の先へ~
55%
gin gin bam dalppitto oemyeonhan
cham kkaman kkum
hwangholhaguna
Entrancing (황흘경 (极夜) (Siyeon Solo)
39%
No matching quizzes found
Score Distribution
Percent of People with Each Score
Percentile by Number Answered
Your Score History
You have not taken this quiz